Gaon ki mitti/ (Record no. 15547)

000 -LEADER
fixed length control field 00363nam a22001571a 4500
020 ## - INTERNATIONAL STANDARD BOOK NUMBER
ISBN 9788186064641
082 ## - DEWEY DECIMAL CLASSIFICATION NUMBER
Classification number H301
Item number NIT/G
100 ## - MAIN ENTRY--AUTHOR NAME
Personal name Neeta Kothari
245 ## - TITLE STATEMENT
Title Gaon ki mitti/
Statement of responsibility, etc by Neeta Kothari
260 ## - PUBLICATION, DISTRIBUTION, ETC. (IMPRINT)
Place of publication Udaipur:
Name of publisher Ankur,
Year of publication 2007.
300 ## - PHYSICAL DESCRIPTION
Number of Pages 126p.
650 ## - SUBJECT ADDED ENTRY--TOPICAL TERM
Topical Term Stories Hindi
650 ## - SUBJECT ADDED ENTRY--TOPICAL TERM
Topical Term Literature Hindi
650 ## - SUBJECT ADDED ENTRY--TOPICAL TERM
Topical Term Literature
942 ## - ADDED ENTRY ELEMENTS (KOHA)
Koha item type Book
Holdings
Withdrawn status Lost status Damaged status Not for loan Permanent Location Current Location Date acquired Cost, normal purchase price Full call number Accession Number Cost, replacement price Price effective from Koha item type
        Sree Sankaracharya University of Sanskrit Sree Sankaracharya University of Sanskrit 08.01.2015 150.00 H301 NIT/G 059763 0.00 08.01.2015 Book